|
|
|
|
| LEADER |
00000nam a2200000 a 4500 |
| 001 |
vtls001357540 |
| 003 |
SK-MaSNL |
| 005 |
20260331203304.0 |
| 008 |
160401sm y0 xo r y 0 slo |
| 015 |
|
|
|a SNBSAB1998-00089
|
| 035 |
|
|
|a SNK000311038
|
| 040 |
|
|
|a SNK
|b slo
|c SNK
|e AACR2
|
| 041 |
0 |
|
|a slo
|
| 044 |
|
|
|a xo
|c SK
|
| 080 |
|
|
|a 015(437.648):929
|2 1981
|
| 080 |
|
|
|a 929
|2 1981
|
| 100 |
1 |
|
|a Mališová, Mária,
|d 1949-
|4 zos
|9 152516
|
| 245 |
1 |
|
|a Kalendár výročí osobností Novohradu
|c [zostavila: Mária Mališová]
|
| 260 |
|
|
|a Lučenec
|b Novohradská knižnica
|c 1998
|
| 300 |
|
|
|a [24] s.
|c 21x15 cm
|
| 500 |
|
|
|a Údaj o zost. je prevzatý z tiráže
|
| 500 |
|
|
|a 40 výt.
|
| 504 |
|
|
|a Lit. 78 zázn. o význ. osobnostiach v slov.
|
| 648 |
|
7 |
|a 1998
|2 SNKPH
|9 282348
|
| 650 |
0 |
7 |
|a osobnosti
|2 SNKPH
|9 29820
|
| 650 |
0 |
7 |
|a jubileá
|2 SNKPH
|9 29624
|
| 651 |
|
7 |
|a 606
|2 SNK
|9 392484
|
| 651 |
|
7 |
|a Lučenec (Slovensko : okres)
|2 SNK
|9 29002
|
| 655 |
|
7 |
|a neperiodické bibliografie
|2 SNK
|9 60408
|
| 958 |
|
|
|a RM
|
| 958 |
|
|
|a SF
|
| 958 |
|
|
|a RG
|
| 999 |
|
|
|c 1063913
|d 1065843
|
| 952 |
|
|
|a SNK
|b SNK
|y PREZ
|7 0
|p 17A0185747
|o snkČSD 2111/1998 D1
|i snkKSP 2719/99
|0 0
|1 0
|4 0
|d 1999-03-15
|l 0
|r 2005-01-02 00:00:00
|w 2026-02-24
|
| 952 |
|
|
|a SNK
|b SNK
|y PREZ
|7 0
|p 17A0193706
|o snkČSD 2111/1998
|i snkKSP 2718/99
|0 0
|1 0
|4 0
|d 1999-03-15
|l 0
|r 2005-01-02 00:00:00
|w 2026-02-24
|